CHINA PARADOX AT THE FRONT LINE OF ECONO (Record no. 32150)

MARC details
000 -LEADER
fixed length control field 00345nam a2200133Ia 4500
008 - FIXED-LENGTH DATA ELEMENTS--GENERAL INFORMATION
fixed length control field 240624s9999 xx 000 0 und d
041 ## - LANGUAGE CODE
Language code of text/sound track or separate title eng
082 ## - DEWEY DECIMAL CLASSIFICATION NUMBER
Classification number 330.951 CLI
100 ## - MAIN ENTRY--PERSONAL NAME
Personal name CLIFFORD PAUL G
245 ## - TITLE STATEMENT
Title CHINA PARADOX AT THE FRONT LINE OF ECONO
260 ## - PUBLICATION, DISTRIBUTION, ETC.
Date of publication, distribution, etc. 2017
Place of publication, distribution, etc. Germany
Name of publisher, distributor, etc. DE GRUYTER
300 ## - PHYSICAL DESCRIPTION
Extent xvi, 236 p.; 23 cm.
365 ## - TRADE PRICE
Currency code
Price amount 33
Holdings
Withdrawn status Lost status Damaged status Not for loan Home library Current library Shelving location Date acquired Full call number Barcode Date last seen Copy number Price effective from Koha item type
        IMTN IMTN Rack 8-A 07/02/2020 330.951 CLI 32150 06/24/2024 75 06/24/2024 Books
Designed & Maintained by: LRC IMT Nagpur Contact: lrc@imtnag.ac.in© 2024. All Rights Reserved.